000 00711cab a2200277 4500
001 ABS47817
008 090401t1993 xxu||||| |||| 00| 0 eng d
035 _a(Sirsi) u63503
041 _aeng
245 _aCentrefolio: Midlands triangle
260 _c1993
350 _a0
490 _aCSW - The Property Week
_v42(4) 28 January 1993, 29-65 (13)
650 _aBIRMINGHAM
650 _aCOVENTRY
650 _aDEVELOPMENT CORPORATIONS
650 _aDISTRIBUTION
650 _aHEARTLANDS
650 _aLEICESTER
650 _aMIDLANDS
650 _aNORTHAMPTON
650 _aSOLIHULL
690 _aPROPERTY-COMMERCIAL PROPERTY-COMMERCIAL PROPERTY MARKET
942 _n0
948 _c04/03/1997
999 _c39467
_d39467